علم الغيب في العالم القديم / (رقم التسجيلة. 50711)
[ عرض عادي ]
| 000 -الفاتح | |
|---|---|
| عناصر البيانات ثابتة الطول | 00890nam a22002177a 4500 |
| 005 - تاريخ ووقت آخر معاملة | |
| حقل ضبط | 20251108170847.0 |
| 008 - عناصر البيانات ثابتة الطول | |
| عناصر البيانات ثابتة الطول | 250721q9999 le gr 000 0 ara d |
| 082 14 - رقم تصنيف ديوي العشري | |
| رقم التصنيف | 133.3330930 |
| رقم المادة | ش ي ش |
| 100 1# - مدخل رئيسي – اسم شخصي | |
| الاسم الشخصي | شيشرون، ماركوس |
| علاقة الشخص بالعمل/ دوره | مؤلف. |
| 245 10 - بيان العنوان | |
| العنوان | علم الغيب في العالم القديم / |
| بيان المسؤولية | وضعه شيشرون ؛ ترجمه وشرحه وعلق عليه الدكتور توفيق الطويل. |
| 264 1# - بيانات النشر، التوزيع…إلخ | |
| مكان النشر، التوزيع...إلخ | بيروت : |
| اسم الناشر، الموزع...إلخ | دار يوسف، |
| تاريخ النشر، التوزيع...إلخ | [بين 1990و 1999]. |
| 300 ## - الوصف المادي | |
| عدد الوحدات المكونة للوعاء | 223 صفحة. |
| 490 1# - بيان السلسلة | |
| عنوان السلسلة | السلسلة الفلسفية والاجتماعية ؛ |
| رقم الوعاء في السلسلة | رقم 2. |
| 650 17 - مدخل إضافي بالموضوع - مصطلح موضوعي | |
| مصطلح موضوعي أو اسم جغرافي كعنصر مدخل | التنبؤ. |
| 650 17 - مدخل إضافي بالموضوع - مصطلح موضوعي | |
| مصطلح موضوعي أو اسم جغرافي كعنصر مدخل | التاريخ القديم. |
| 650 17 - مدخل إضافي بالموضوع - مصطلح موضوعي | |
| مصطلح موضوعي أو اسم جغرافي كعنصر مدخل | علم الغيب. |
| 700 1# - مدخل إضافي - اسم شخصي | |
| الاسم الشخصي | الطويل، توفيق |
| علاقة الشخص بالعمل/ دوره | مترجم. |
| 830 #0 - مدخل إضافي بالسلسلة-عنوان مقنن | |
| عنوان السلسسلة | السلسلة الفلسفية والاجتماعية. |
| 942 ## - بيانات إضافية (كوها) | |
| نوع التنصيف | Dewey Decimal Classification |
| نوع المادة (كوها) | كتب |
| حالة السحب | حالة الفقدان | مصدر التصنيف | حالة التلف | غير قابل للإعارة | المكتبة الرئيسية | المكتبة الحالية | موقع الرف | تاريخ التزويد | الرقم المتسلسل | Total Checkouts | رقم الإستدعاء | تاريخ آخر ظهور | تاريخ الفاتورة | نوع المادة (كوها) | الباركود | العملة |
|---|---|---|---|---|---|---|---|---|---|---|---|---|---|---|---|---|
| Dewey Decimal Classification | المكتبة المركزية | المكتبة المركزية | الإعارة | 03/11/2025 | 282476 | 133.3330930 ش ي ش | 03/11/2025 | 03/11/2025 | كتب | 282476 | JOD | |||||
| Dewey Decimal Classification | Unchecked | مكتبة أم قصير والمقابلين العامة | مكتبة أم قصير والمقابلين العامة | الإعارة | 12/07/2004 | 5748 | 133.3330930/شيش | 28/07/2025 | 12/07/2004 | كتب | ||||||
| Dewey Decimal Classification | مكتبة الجويدة | مكتبة الجويدة | الإعارة | 25/06/2015 | (7199) | 133.3330930/شيش | 28/07/2025 | 25/06/2015 | كتب | PLD00333916 | ||||||
| Dewey Decimal Classification | مكتبة الراية الهاشمية للأطفال | مكتبة الراية الهاشمية للأطفال | الأطفال | 29/09/2015 | 1469826 | 133.3330930/شيش | 28/07/2025 | 29/09/2015 | كتب | PLD00349929 | ||||||
| Dewey Decimal Classification | مكتبة صويلح العامة | مكتبة صويلح العامة | الإعارة | 01/07/2015 | 014625 | 133.3330930/شيش | 28/07/2025 | 01/07/2015 | كتب | PLD00335201 | ||||||
| Dewey Decimal Classification | Unchecked | مكتبة وادي السير العامة | مكتبة وادي السير العامة | الإعارة | 12/07/2004 | 8230 | 133.3330930/شيش | 28/07/2025 | 12/07/2004 | كتب |